Information Technology Applications

Saved in:
Bibliographic Details
Format: Serial
Language:Slovak
Published: Bratislava Paneurópska vysoká škola 2019
Tags: Add Tag
No Tags, Be the first to tag this record!

MARC

LEADER 00000nas2a2200000 4500
001 0261357
005 20200120144229.9
022 |a 1338-6468 
041 0 |a slo 
044 |a SK 
245 1 0 |a Information Technology Applications 
264 1 |a Bratislava  |b Paneurópska vysoká škola  |c 2019 
773 0 |w eu_un_cat*0149160